000 00902nam a2200205 i 4500
001 166080
003 ES-MaACL
005 20240126182845.0
008 050920s1836 fr f | |||||||| ||ita d
040 _aCAM
_bspa
_cCAM
100 1 _aTasso, Torquato (
_d1544-1595)
_9109373
245 1 3 _aLa Gerusalemme e l'aminta /
_cdi Torquato Tasso; con note diversi.
260 _aParigi :
_bPresso Baudry, Librería Europea,
_c1836 (
_fdalla Stamperia di Casimir)
300 _a2 v. (XXX, 422 p., [1] h. de lám.; 410, [1] p.) ;
_c20 cm.
490 1 _aCollezione de migliore autori italiani antichi e moderni ;
_v12; 13
599 _aLa h. de lám., grab. calc.: "Gravé par B. Faurel, Pensionnaire du Roi", retrato del autor.
830 0 _aCollezione de' miglori autori italiani antichi e moderni
_v12; 13
_9221518
852 _aES-MaACL
_jG-9142-9143
_z-- Enc. hol.
999 _c166080
_d166080